| Поле | Название | Значение |
| |
Тип записи |
a |
| |
Библиографический уровень |
m |
| 001 |
Контрольный номер |
2a4e8ac9708b461b8d2b9109359721e0 |
| 005 |
Дата корректировки |
20260626142457.5 |
| 010 |
Индекс ISBN |
__ |
| a |
ISBN |
978-5-699-57679-1 |
| b |
Уточнения |
в пер. |
| 9 |
Тираж |
2000 экз. |
| 100 |
Данные общей обработки |
__ |
| a |
Данные общей обработки |
19161109d2023 maey0rusy028902 ca |
| 101 |
Язык документа |
0_ |
| a |
Язык текста |
rus |
| 102 |
Страна публикации |
__ |
| a |
Страна публикации |
RU |
| 105 |
Кодированные данные (монография) |
__ |
| a |
Кодированные данные (монография) |
a z 001yy |
| 181 |
Поле кодированных данных: вид содержания |
_0 |
| a |
Код вида содержания (ISBD) |
i |
| 181 |
Поле кодированных данных: вид содержания |
_0 |
| a |
Код вида содержания (ISBD) |
b |
| 182 |
Поле кодированных данных: тип средства |
_0 |
| a |
Код типа средства (ISBD) |
n |
| 200 |
Заглавие и сведения об ответственности |
1_ |
| a |
Заглавие |
Собаки |
| e |
Сведения, относящиеся к заглавию |
курсы дрессировки, полезные навыки, базовые команды, игры и трюки |
| f |
Первые сведения об ответственности |
Андрей Шкляев |
| 203 |
Вид содержания и тип средства |
__ |
| a |
Вид содержания |
Текст |
| c |
Тип средства |
непосредственный |
| 210 |
Выходные данные |
1_ |
| a |
Место издания |
Москва |
| c |
Издательство |
Эксмо |
| d |
Дата издания |
2023 |
| 215 |
Физическое описание |
__ |
| a |
Объем |
253, [1] с. |
| c |
Иллюстрации/тип воспроизводства |
цв. ил. |
| d |
Формат |
27 см |
| 320 |
Библиография |
__ |
| a |
Библиография |
Алфавитный указатель: с. 253-254 |
| 330 |
Аннотация |
__ |
| a |
Аннотация |
Общаться и работать с собакой может научиться практически каждый человек. Но отнестись к этому процессу творчески, научиться понимать и "читать" свою собаку дано далеко не каждому. Простые и понятные рекомендации от профессионального инструктора-дрессировщика с 30-летним стажем Андрея Шкляева помогут вам узнать и понять свою собаку, поверить в свои силы и сделать совместную жизнь с вашим четвероногим любимцем комфортной, счастливой и безопасной. |
| 333 |
Примечание о целевом назначении |
__ |
| a |
Примечание о целевом назначении |
12+. Для детей старше 12 лет |
| 606 |
Тематические рубрики |
__ |
| a |
Основная рубрика |
Сельское хозяйство |
| 2 |
Код системы |
nlr_sh |
| 606 |
Тематические рубрики |
__ |
| a |
Основная рубрика |
Собаки |
| 2 |
Код системы |
nlr_sh |
| 610 |
Ключевые слова |
0_ |
| a |
Ключевые слова |
воспитание собак |
| 610 |
Ключевые слова |
0_ |
| a |
Ключевые слова |
домашние животные |
| 610 |
Ключевые слова |
0_ |
| a |
Ключевые слова |
дрессировка животных |
| 610 |
Ключевые слова |
0_ |
| a |
Ключевые слова |
дрессировка собак |
| 610 |
Ключевые слова |
0_ |
| a |
Ключевые слова |
обучение собак |
| 610 |
Ключевые слова |
0_ |
| a |
Ключевые слова |
разведение собак |
| 610 |
Ключевые слова |
0_ |
| a |
Ключевые слова |
собаководство |
| 610 |
Ключевые слова |
0_ |
| a |
Ключевые слова |
содержание собак |
| 610 |
Ключевые слова |
0_ |
| a |
Ключевые слова |
уход за животными |
| 610 |
Ключевые слова |
0_ |
| a |
Ключевые слова |
уход за собаками |
| 610 |
Ключевые слова |
0_ |
| a |
Ключевые слова |
базовые команды |
| 610 |
Ключевые слова |
0_ |
| a |
Ключевые слова |
трюки для собак |
| 610 |
Ключевые слова |
0_ |
| a |
Ключевые слова |
игры для собак |
| 610 |
Ключевые слова |
0_ |
| a |
Ключевые слова |
полезные навыки для собак |
| 610 |
Ключевые слова |
0_ |
| a |
Ключевые слова |
социализация собак |
| 686 |
Индексы других классификаций |
__ |
| 2 |
Код системы |
rubbks |
| a |
Классификационный индекс |
46.73 |
| 700 |
Автор |
_1 |
| a |
Фамилия |
Шкляев |
| b |
Имя |
А. Н. |
| g |
Полное личное имя |
Андрей Николаевич |
| 4 |
Код отношения |
070 |
| 801 |
Источник записи |
_0 |
| a |
Страна |
RU |
| b |
Организация |
Муниципальное бюджетное учреждение культуры "Централизованная библиотечная система" г. Сургут (Центральная городская библиотека им. А. С. Пушкина) |
| c |
Дата составления |
20260626 |
| g |
Правила каталогизации |
PSBO |
| 801 |
Источник записи |
_2 |
| a |
Страна |
RU |
| b |
Организация |
Муниципальное бюджетное учреждение культуры "Централизованная библиотечная система" г. Сургут (Центральная городская библиотека им. А. С. Пушкина) |
| c |
Дата составления |
20260626 |
| g |
Правила каталогизации |
PSBO |
| 852 |
Данные о местонахождении |
__ |
| j |
Шифр хранения |
46.73 |
| i |
Авторский знак |
Ш 66 |
| 901 |
Тип документа |
__ |
| t |
Тип документа |
m |
| a |
Ответственный |
ООФиК/Волкова |
| 901 |
Тип документа |
__ |
| a |
Ответственный |
без партии |
| 903 |
Характеристики (МАРС) |
__ |
| a |
Дата передачи |
20260626 |
| c |
Наименование библиотеки (МАРС) |
Муниципальное бюджетное учреждение культуры "Централизованная библиотечная система" г. Сургут (Центральная городская библиотека им. А. С. Пушкина) |
| 969 |
Тип издания |
__ |
| a |
Тип издания |
популярное издание |